| 000 | 00364nam a2200145Ia 4500 | ||
|---|---|---|---|
| 005 | 20260416154107.0 | ||
| 008 | 191201s2009 xx 000 0 und d | ||
| 100 | _aHENDERSON,Richard | ||
| 245 | 0 | _aCompensation Management in a Knowledge based World | |
| 250 | _a4th IMP | ||
| 260 |
_c2009 _bpearson _aN. delhi |
||
| 300 | _a550 | ||
| 650 | _aMBA | ||
| 942 |
_2ddc _cBB |
||
| 999 |
_c7348 _d7348 |
||